El mundo mágico de los niños : (Registro nro. 14722)

Detalles MARC
000 -LIDER
fixed length control field 00901cam a2200277 i 4500
003 - IDENTIFICACDOR DE NÚMERO DE CONTROL
control field DO-SdBNP
005 - DATE AND TIME OF LATEST TRANSACTION
control field 20240708111352.0
008 - ELEMENTOS DE LONGITUD FIJA
fixed length control field 100514s 1981sp a | |||| 000 spa
015 ## - NÚMERO DENTRO DE LA BIBLIOGRAFÍA NACIONAL
National bibliography number
017 ## - NÚMERO DE REGISTRO DE DERECHOS DE AUTOR
Copyright or legal deposit number
Assigning agency
020 ## - ISBN
International Standard Book Number 8449417856 (obra completa)
035 ## - NÚMERO LOCAL
System control number
040 ## - FUENTE DE CATALOGACIÓN
Agencia que crea de manera original el registro BPMSU
Idioma de catalogación spa
Agencia que realiza la transcripción BPMSU
Convenciones de la despripción
080 ## - NÚMERO DE CLASIFICACIÓN DECIMAL UNIVERSAL
Universal Decimal Classification number
082 #4 - NÚMERO DE CLASIFICACIÓN DECIMAL DE DEWEY
Classification number R036.1
Item number M965m 2004
Edition number 22
245 00 - MENCIÓN DE TITULO
Título El mundo mágico de los niños :
Subtítulo mi primera enciclopedia. /
Mención de responsabilidad
Medio (Designación general de material)
260 ## - PUBLICACIÓN, DISTRIBUCIÓN, ETC. (PIE DE IMPRENTA)
Lugar de publicación, distribución, etc Barcelona :
Nombre del editor, distribuidor, etc. Editorial Océano,
Fecha de publicación, distribución, etc 2004
300 ## - DESCRIPCIÓN FÍSICA
Extensión 5v.:
Otros detalles físicos il. ;
Dimensiones 27 cm.
505 0# - NOTA DE CONTENIDO
Texto normalizado de contenido v.1 : La historia y la cultura -- v.2 Nuestro planeta -- v.3 : Grandes descubrimientos -- v.4 : Nosotros y nuestros entorno.
506 ## - NOTA DE RESTRICCIONES DE ACCESO
Términos que rigen el acceso
590 ## - NOTA LOCAL
Texto de la nota local Inventariado, 2024/VM
650 #4 - ENCABEZAMIENTO DE MATERIA--TEMÁTICO
Término temático o nombre geográfico como elemento de entrada Enciclopedia y diccionarios para niños
650 #4 - ENCABEZAMIENTO DE MATERIA--TEMÁTICO
Término temático o nombre geográfico como elemento de entrada Libros ilustrados infantiles
910 ## - VALIDACIÓN
Validación VMateo V. Control de calidad. BPMSU
942 ## - ADDED ENTRY ELEMENTS (KOHA)
Source of classification or shelving scheme Dewey Decimal Classification
Koha item type Libros
Existencias
Withdrawn status Lost status Source of classification or shelving scheme Damaged status Not for loan Collection code Home library Current library Date acquired Total Checkouts Full call number Barcode Date last seen Copy number Price effective from Koha item type
    Dewey Decimal Classification     Colección Infantil General Biblioteca Pública Metropolitana Salomé Ureña Biblioteca Pública Metropolitana Salomé Ureña 07/08/2024   BPMSU CGRI R036.1 M965m 2004 BPMSU24070032 07/08/2024 v.1 07/08/2024 Libros
    Dewey Decimal Classification     Colección Infantil General Biblioteca Pública Metropolitana Salomé Ureña Biblioteca Pública Metropolitana Salomé Ureña 07/08/2024   BPMSU CGRI R036.1 M965m 2004 BPMSU24070033 07/08/2024 v.2 07/08/2024 Libros
    Dewey Decimal Classification     Colección Infantil General Biblioteca Pública Metropolitana Salomé Ureña Biblioteca Pública Metropolitana Salomé Ureña 07/08/2024   BPMSU CGRI R036.1 M965m 2004 BPMSU24070034 07/08/2024 v.3 07/08/2024 Libros
    Dewey Decimal Classification     Colección Infantil General Biblioteca Pública Metropolitana Salomé Ureña Biblioteca Pública Metropolitana Salomé Ureña 07/08/2024   BPMSU CGRI R036.1 M965m 2004 BPMSU24070036 07/08/2024 v.4 07/08/2024 Libros